| 000 | 00698nam a2200229 i 4500 | ||
|---|---|---|---|
| 001 | bg | ||
| 100 | 1 | _aCHOROSZY, Bronisław | |
| 245 | 1 | 0 |
_aTechnologia maszyn / _cBronisław Choroszy. |
| 260 |
_aWrocław : _bOficyna Wydawnicza Politechniki Wrocławskiej, _c2000. |
||
| 300 |
_a518 s. : _bil., err. ; _c24 cm. |
||
| 504 | _aBibliogr., wybrane i uaktual. normy. | ||
| 650 | 9 |
_aMaszyny _xtechnologia |
|
| 655 | _aPodręczniki akademickie | ||
| 020 | _a8370855199 | ||
| 040 | _cBPK | ||
| 041 | 0 | _apl | |
| 080 | _a621(075.8) | ||
| 920 | _a83-7085-519-9 | ||
| 942 | _cKS | ||
| 008 | s pl f |000 0 pol | ||
| 999 |
_c39476 _d39476 |
||
| 856 |
_uhttp://koha.tu.koszalin.pl/cgi-bin/koha/opac-detail.pl?biblionumber=39476 _yKatalog online BPK |
||